000 00773cam a2200301 a 4500
001 1012209
003 OSt
005 20140310182040.0
008 870731s1988 maua 001 0 eng
010 _a 87161455
020 _a9710845268
040 _aDLC
_cDLC
_dDLC
050 0 0 _aD 21
_b.P462 1989
082 0 0 _aM 909
_bP42 1989
100 1 _aPerry, Marvin.
_911095
245 1 2 _aA history of the world /
_cPerry, Marvin
260 _aBoston :
_bHoughton Mifflin Co.,
_cc1988.
300 _a912 p. :
_bill. ;
_c25 cm.
500 _aIncludes index.
650 0 _aWorld history.
_911096
906 _a7
_bcbc
_corignew
_d2
_encip
_f19
_gy-gencatlg
942 _2lcc
_cHS
999 _c8774
_d8774